1201 1143 1149 1722 1972 1643 1372 1620 1836 1989 1569 1052 1717 1760 1416 1086 1577 1348 1959 1818 1404 1184 1098 1701 1636 1700 1513 1137 1648 1739 1045 1682 1054 1348 1099 1943 1625 1280 1932 1658 1669 1772 1109 1412 1806 1822 1976 1472 1534 1042 1986 1137 1112 1334 1397 1611 1349 1248 1292 1216 1811 1949 1543 1816 1240 1710 1844 1836 1265 1000 1162 1729 1995 1971 1637 1384 1225 1233 1753 1845 1907 1218 1402 1707 1224 1330 1318 1898 1035 1599 1055 1119 1314 1048 1401 1060 1447 1058 1333 BCNSPRNW ULIB Ver.6.0+V

เปลี่ยนเป็นภาษาไทย

Change to English
 แสดงรายละเอียดบรรณานุกรม
  กลับหน้าหลัก

Brief Record : Get Marc (ISO 2709) : E-mail record : QR code < ปิดหน้าต่าง
LEADER : 00000nam 2200000uu 4500
001    13399120076
003     ULIB
008    020711s|||| th a 000 0 tha d
020    9749408373
020    9789749408377
099    นว.^bป618อ
100    ปิ่นลดา
245    อรุณรุ่งที่มัสยิปานา/^cปิ่นลดา
260     ^bม.ป.ท.,^cม.ป.ป.
300    404 หน้า หน้า
945    ^p250^l0^i021020
999    ^aวรรณษา ชูชัยมงคล
รายการนี้ยังไม่มีแท็ก
คุณยังไม่ได้ล็อกอิน คุณสามารถมีกิจกรรมร่วมกับเว็บไซต์ได้ แต่ต้องล็อกอินก่อน ::
  ล็อกอิน

รายการสื่อสารสนเทศ

ลำดับที่ ประเภท เลขเรียก/บาร์โค้ด สถานที่ สถานะ
1. นวนิยาย
นวนิยาย
นว. ป618อ ฉ.1 
  Barcode: 021020
ห้องสมุดวิทยาเขตสวรรค์ประชารักษ์
►นวนิยาย
บนชั้น
  ขอยืม

BibComment


ยังไม่เคยถูกคอมเมนท์

คอมเมนท์ทรัพยากรรายการนี้
  คอมเมนท์: อรุณรุ่งที่มัสยิป..


 Copyright 2026. Bcnsprnw @Library